गुरु शिष्य सम्बन्ध/ (Record no. 214912)
[ view plain ]
| 000 -LEADER | |
|---|---|
| fixed length control field | 00950nam a22001937a 4500 |
| 005 - DATE AND TIME OF LATEST TRANSACTION | |
| control field | 20260226104500.0 |
| 010 ## - LCCN (DPL NO) | |
| LC control number | HIN-130538 |
| 020 ## - INTERNATIONAL STANDARD BOOK NUMBER | |
| International Standard Book Number | 9788185787985 |
| Terms of availability | 399.00 |
| 035 ## - SYSTEM CONTROL NUMBER | |
| System control number | HN-102884 |
| 037 ## - SOURCE OF ACQUISITION | |
| Source of stock number/acquisition | DBAD |
| Stock number | 1 |
| 082 ## - DEWEY DECIMAL CLASSIFICATION NUMBER | |
| Classification number | 181.43 |
| 100 ## - MAIN ENTRY--PERSONAL NAME | |
| Personal name | सत्यानन्द सरस्वती |
| 245 ## - TITLE STATEMENT | |
| Title | गुरु शिष्य सम्बन्ध/ |
| Statement of responsibility, etc | सत्यानन्द सरस्वती |
| Medium | हिन्दी |
| 250 ## - EDITION STATEMENT | |
| Edition statement | पुनमुद्रण |
| 260 ## - PUBLICATION, DISTRIBUTION, ETC. (IMPRINT) | |
| Place of publication, distribution, etc | बिहार |
| Name of publisher, distributor, etc | योग पब्लिकेशन्स ट्रस्ट |
| Date of publication, distribution, etc | 2025 |
| 270 ## - ADDRESS | |
| Address | योग पब्लिकेशन्स ट्रस्ट, गरुड़ विष्णु, पी.ओ. गंगा दर्शन, फोर्ट, मुंगेर |
| City | बिहार |
| 300 ## - PHYSICAL DESCRIPTION | |
| Extent | 291पृ. |
| Dimensions | 22सेमी (अजिल्द) |
| Other physical details | सचित्र |
| 942 ## - ADDED ENTRY ELEMENTS (KOHA) | |
| Source of classification or shelving scheme | Dewey Decimal Classification |
| Item type | Hindi Books |
| Classification part | 181.43 |
| Call number suffix | सत्यान |
| Withdrawn status | Lost status | Not for loan | Collection code | Home library | Current library | Date acquired | Source of acquisition | Cost, normal purchase price | Full call number | Barcode | Copy number | Cost, replacement price | Koha item type |
|---|---|---|---|---|---|---|---|---|---|---|---|---|---|
| Non-fiction | Central Jail Tihar | Central Jail Tihar | 25/02/2026 | DBAD | 399.00 | 181.43 सत्यान | HN-102884 | 1 | 399.00 | Hindi Books |
